|
|
|
|
| LEADER |
01359nam a2200361 a 4500 |
| 001 |
EBC595285 |
| 003 |
MiAaPQ |
| 005 |
20200520144314.0 |
| 006 |
m o d | |
| 007 |
cr cn||||||||| |
| 008 |
110823s2009 gw a sb 000 0 eng d |
| 020 |
|
|
|z 9783836678681
|
| 020 |
|
|
|a 9783836628686 (electronic bk.)
|
| 035 |
|
|
|a (MiAaPQ)EBC595285
|
| 035 |
|
|
|a (Au-PeEL)EBL595285
|
| 035 |
|
|
|a (CaPaEBR)ebr10487352
|
| 035 |
|
|
|a (OCoLC)679423137
|
| 040 |
|
|
|a MiAaPQ
|c MiAaPQ
|d MiAaPQ
|
| 043 |
|
|
|a a-cc---
|
| 050 |
|
4 |
|a HD8039.K592
|b C6G 2009
|
| 100 |
1 |
|
|a Gundlach, Marcel.
|
| 245 |
1 |
0 |
|a United under SAP
|h [electronic resource] :
|b the process of eliminating information islands for ThyssenKrupp in China (Zhongshan) /
|c Marcel Gundlach.
|
| 260 |
|
|
|a Hamburg :
|b Diplomica Verlag,
|c 2009.
|
| 300 |
|
|
|a viii, 55, xxi p. :
|b ill. (chiefly col.)
|
| 500 |
|
|
|a Title from cover.
|
| 504 |
|
|
|a Includes bibliographical references.
|
| 533 |
|
|
|a Electronic reproduction. Ann Arbor, MI : ProQuest, 2015. Available via World Wide Web. Access may be limited to ProQuest affiliated libraries.
|
| 610 |
2 |
0 |
|a Thyssen Krupp AG.
|
| 650 |
|
0 |
|a Knowledge workers
|z China.
|
| 650 |
|
0 |
|a Management
|z China.
|
| 655 |
|
4 |
|a Electronic books.
|
| 710 |
2 |
|
|a ProQuest (Firm)
|
| 856 |
4 |
0 |
|u https://ebookcentral.proquest.com/lib/matrademy/detail.action?docID=595285
|z Click to View
|